000 02177nam a22002537a 4500
003 Uzh_bibl
008 260629b |||||||| |||| 00| 0 ukr d
020 _c1.30
040 _aукр.
041 _2ukr
_aukr
080 _a821(477)
090 _a821(477)
_bГ 83
100 _aГригурко, Іван
245 _aВатерлінія
_hТекст
260 _aКиїв
_bРадянський письменник
_c1982
300 _a335 с.
_fв опр.
520 _aРоман українського радянського прозаїка присвячено трудовим будням корабелів в південноукраїнського міста. Будівництво супертанкера «Бере жанськ», ходові випробування траулера «Байконур», заводські клопоти й pa- дощі, роздуми про роль творчої праці в епоху НТР, успіхи й невдачі в осо бистих долях — все це складає широке полотно, в центрі якого діють фрезерувальник Петро Драгота з друзями, інженер Парфен Кодолов, робітниця Марія Годняк, професор Варфоломій Хавдій та інші. У героїв різні інтереси й прагнення, у кожного своє уявлення про успіх у житті. Це й дозволило авторові домогтися цікавої взаємодії різних характерів, підняти цілу низку актуальних проблем сучасності.
521 _aДля широкого кола читачів
546 _aукр.
650 _aЛітературно-художнє видання
_y1980-ті роки
_zУкраїна, південноукраїнське місто
653 _aКорабелі
_aПраця
_aСуднобудування
_aКолектив
_aТворчість
655 _aСоціально-виробничий роман
_vРоман
942 _2udc
_cBK
999 _c18598
_d18598